LDR 00510naa#a2200181#i#450# 001 EN\\bibl\92090 005 20260702104452.4 011 ## _a3034-4689 100 ## _a20241125b2024####ek#y0engy0150####ca 102 ## _aRU 200 1# _aMODELING OF FLOW IN A HERRINGBONE-TYPE MICROFLUIDIC CHANNEL _eJournal article 210 1# _aKazan _cKazan National Research Technological University _d2024 215 ## _a3 с. 608 ## _aJournal article _2local 700 #1 _a _g 700 #1 _a _g 700 #1 _aGerasimov _gA. V. 856 4# _avestniktu.ru _u